| 000 | 00502nam a22001697a 4500 | ||
|---|---|---|---|
| 003 | CEME | ||
| 005 | 20210628204046.0 | ||
| 008 | 210106b xxu||||| |||| 00| 0 eng d | ||
| 020 | _a9783642178757 | ||
| 040 | _cceme | ||
| 082 | _a670.427 RIG | ||
| 100 |
_aGigatos, Gerasimos G _968506 |
||
| 245 | _aModeling and control for intelligent industrial systems, adaptive algorithms in robotics and industrial engineering | ||
| 260 |
_aINDIA _bSPRINGER _c2011 |
||
| 300 | _aXXVIII, 379P | ||
| 942 |
_cBK _2ddc |
||
| 999 |
_c576068 _d576068 |
||